[Event "Titled Tue 17th Jun Early"]
[Site "chess.com INT"]
[Date "2025.06.17"]
[Round "10"]
[White "Herrera Ortiz, Miguel"]
[Black "Guliev, Gasan"]
[Result "1-0"]
[WhiteTitle "IM"]
[BlackTitle "CM"]
[WhiteElo "2174"]
[BlackElo "2123"]
[WhiteFideId "5100550"]
[BlackFideId "34165638"]
[EventDate "2025.06.17"]

1. e4 c5 2. Nf3 Nc6 3. d4 cxd4 4. Nxd4 Nf6 5. Nc3 e5 6. Nf5 d5 7. exd5 Bxf5 8.
dxc6 Qxd1+ 9. Nxd1 bxc6 10. Ne3 Be6 11. Bd2 O-O-O 12. Nc4 Bd6 13. Nxd6+ Rxd6 14.
O-O-O Rhd8 15. Be2 Ne4 16. Be3 Kb7 17. Rxd6 Rxd6 18. Rd1 Rxd1+ 19. Bxd1 f5 20.
f4 g5 21. fxe5 f4 22. Bg1 g4 23. Be2 h5 24. Bd3 Ng5 25. Kd2 Bd5 26. Bf1 h4 27.
c4 Be4 28. Bf2 g3 29. hxg3 fxg3 30. Be3 h3 31. gxh3 Nf3+ 32. Kc3 Nh4 33. Be2 g2
34. e6 Kc8 35. Bxa7 Bf3 36. Bd3 Kd8 37. Bc5 Bh5 38. Be4 Nf3 39. Bxf3 Bxf3 40. a4
g1=Q 41. Bxg1 Ke7 42. Bc5+ Kxe6 43. a5 Kd7 44. a6 Kc7 45. a7 Kb7 46. h4 Bg4 47.
Kd4 Be2 48. b3 Bd1 49. Ke5 Bxb3 50. Kd4 Ba2 51. h5 Bb1 52. h6 Bg6 53. Bb6 Ka8
54. c5 Kb7 55. Ke5 Bd3 56. Kf6 Bc2 57. Kg7 Bd3 58. h7 Bxh7 59. Kxh7 Ka8 60. Kg6
Kb7 61. Kf6 Ka8 62. Ke7 Kb7 63. Kd7 Ka8 64. Ba5 Kb7 65. a8=Q+ Kxa8 66. Kxc6 Ka7
67. Kd6 Kb8 68. c6 Kc8 69. c7 Kb7 70. Kd7 Ka7 71. Bb6+ Kxb6 72. c8=Q Kb5 73.
Qc6+ Kb4 74. Kd6 Kb3 75. Qc5 Ka4 76. Qb6 Ka3 77. Kc5 Ka2 78. Kc4 Ka1 79. Kc3 Ka2
80. Kc2 Ka3 81. Qb3# 1-0

[Event "Titled Tue 17th Jun Early"]
[Site "chess.com INT"]
[Date "2025.06.17"]
[Round "10"]
[White "Matveeva, Olga"]
[Black "Terkiewicz, Bruno"]
[Result "1/2-1/2"]
[WhiteTitle "WIM"]
[BlackTitle "CM"]
[WhiteElo "2177"]
[BlackElo "2183"]
[WhiteFideId "24107018"]
[BlackFideId "21093245"]
[EventDate "2025.06.17"]

1. d4 Nf6 2. c4 a6 3. g3 c5 4. dxc5 e6 5. Be3 Ng4 6. Bd4 e5 7. h3 exd4 8. hxg4
Bxc5 9. Nf3 Nc6 10. Bg2 d6 11. g5 Bf5 12. Nbd2 Qb6 13. Nh4 Bg4 14. Nb3 Bb4+ 15.
Kf1 O-O-O 16. Nf3 Bc5 17. Rh4 Bxf3 18. Bxf3 Ne5 19. Bd5 d3 20. Nxc5 dxe2+ 21.
Qxe2 Qxc5 22. b4 Qc7 23. b5 a5 24. b6 Qxb6 25. Qc2 Qc7 26. Rb1 b6 27. Qb3 Nd7
28. Rf4 f6 29. gxf6 gxf6 30. Re4 Nc5 31. Qb5 Nxe4 32. Bxe4 Rhe8 33. Qa6+ Kd7 34.
Bf5+ Ke7 35. Qb5 Kf8 36. Qd5 Re5 37. Qd3 Kg7 38. Bxh7 d5 39. cxd5 Qf7 40. d6 Re6
41. d7 Rxd7 42. Qc2 Red6 43. Bf5 Rd2 44. Qb3 Qxb3 45. axb3 Rc7 46. b4 Rc3 47.
bxa5 bxa5 48. Rb7+ Kf8 49. g4 a4 50. Rb8+ Ke7 51. Rb7+ Kd6 52. Rd7+ Ke5 53. Rxd2
a3 54. Ra2 Kf4 55. Kg2 Rb3 56. Be6 Rc3 57. Re2 Rd3 58. Ba2 Rc3 59. f3 Rxf3 60.
Rf2 Rxf2+ 61. Kxf2 Kxg4 62. Ke3 f5 63. Ke2 f4 64. Kf2 f3 65. Bd5 Kf4 66. Ba2 Ke4
67. Bf7 Kf4 68. Bg8 Ke4 69. Bf7 Kd4 70. Bg8 Kc3 71. Kxf3 Kb2 72. Ke2 Kb1 73. Kd2
a2 74. Bxa2+ 1/2-1/2

[Event "Titled Tue 17th Jun Early"]
[Site "chess.com INT"]
[Date "2025.06.17"]
[Round "10"]
[White "Andreev, Konstantin"]
[Black "Weetik, Vjacheslav"]
[Result "0-1"]
[WhiteTitle "FM"]
[BlackTitle "FM"]
[WhiteElo "2208"]
[BlackElo "2423"]
[WhiteFideId "24239305"]
[BlackFideId "4153472"]
[EventDate "2025.06.17"]

1. e4 c6 2. d4 d5 3. e5 Bf5 4. Nf3 e6 5. Be2 Nd7 6. O-O a5 7. a4 Bg6 8. c3 Nh6
9. Nbd2 Nf5 10. Nb3 Be7 11. g4 Nh4 12. Nxh4 Bxh4 13. f4 f6 14. f5 Bf7 15. Bf4
Qb6 16. Kh1 O-O 17. Bd3 Rfe8 18. fxe6 Bxe6 19. g5 fxe5 20. dxe5 g6 21. Nd4 c5
22. Nb5 Rf8 23. c4 Qc6 24. Nd6 Rxf4 25. Rxf4 Bxg5 26. Rg4 Nxe5 27. Rxg5 Qxd6 28.
Bc2 Nxc4 29. Bxg6 hxg6 30. Rxg6+ Kf7 31. Qh5 Ke7 32. Re1 Rf8 33. Rgxe6+ Qxe6 34.
Rxe6+ Kxe6 35. Qg4+ Kd6 36. h4 Ne5 37. Qg7 Rf7 38. Qh6+ Kd7 39. h5 d4 40. Qg5
Kd6 41. h6 d3 42. Qe3 c4 43. Qd4+ Ke6 44. Qe3 Rf5 45. Kg2 Kf6 46. h7 Rh5 47.
Qf4+ Kg6 48. Qe4+ Kg7 49. Qf4 Kxh7 50. Kf2 Kg6 51. Ke1 Rf5 52. Qe4 Kf6 53. Kd1
Rf2 54. Qe3 Re2 55. Qf4+ Ke6 56. Qd4 Kf5 57. Qd8 Ke4 58. Qh4+ Kd5 59. Qh1+ Re4
60. Qg2 Kd4 61. Kd2 Re2+ 62. Qxe2 dxe2 63. Kxe2 c3 64. b3 Kc5 65. Kd1 Kb4 66.
Kc2 Nc6 67. Kb1 Kxb3 68. Ka1 Kc2 69. Ka2 Kd1 70. Kb3 c2 71. Kc4 c1=Q+ 72. Kb5
Qb2+ 73. Kc5 Qb4+ 0-1

[Event "Titled Tue 17th Jun Early"]
[Site "chess.com INT"]
[Date "2025.06.17"]
[Round "10"]
[White "Xiong, Jeffery"]
[Black "Bortnyk, Olexandr"]
[Result "1-0"]
[WhiteTitle "GM"]
[BlackTitle "GM"]
[WhiteElo "2639"]
[BlackElo "2601"]
[WhiteFideId "2047640"]
[BlackFideId "14120828"]
[EventDate "2025.06.17"]

1. e4 Nf6 2. e5 Nd5 3. d4 d6 4. Nf3 dxe5 5. Nxe5 c6 6. Bd3 Nd7 7. Nf3 N7f6 8. h3
Nb4 9. O-O Nxd3 10. Qxd3 e6 11. c4 Be7 12. Nc3 O-O 13. Bf4 b6 14. Rad1 Bb7 15.
Rfe1 b5 16. c5 b4 17. Ne4 Nxe4 18. Qxe4 Qd5 19. Qxd5 cxd5 20. Ne5 Rfd8 21. c6
Ba6 22. c7 Rdc8 23. Nc6 Bf8 24. Rc1 Bb5 25. Na5 Be7 26. Nb7 a5 27. Bd6 Ra7 28.
Bxe7 Rxb7 29. Bd6 Rb6 30. Be7 f6 31. Rc5 Kf7 32. Bd8 a4 33. g4 h6 34. Re3 Bd7
35. f4 b3 36. axb3 axb3 37. f5 g6 38. Rxd5 exd5 39. Re7+ Kf8 40. Rxd7 gxf5 41.
gxf5 Rc6 42. Rxd5 Rc1+ 43. Kf2 Rc2+ 44. Ke3 Rxb2 45. Rb5 Ke8 46. Ke4 Kd7 47. Kd5
Rb1 48. h4 h5 49. Rb4 b2 50. Rb8 Rf1 51. Rxb2 Rxf5+ 52. Ke4 Rf1 53. Rg2 Rxc7 54.
Bxc7 Kxc7 55. Kd5 Kd7 56. Rg7+ Ke8 57. Ke6 Kf8 58. Rf7+ Kg8 59. Rxf6 Re1+ 60.
Kf5 Rh1 61. Kg5 Rg1+ 62. Kxh5 Kg7 63. Rf4 Rd1 64. Kg5 Rg1+ 65. Rg4 Rf1 66. h5
Rf6 67. d5 Ra6 68. Kf5+ Kf7 69. Rg6 Ra1 70. Rf6+ Ke7 71. Re6+ Kf7 72. h6 Rf1+
73. Ke5 Re1+ 74. Kd6 Ra1 75. Re7+ Kg8 76. Ke6 Re1+ 77. Kd7 Ra1 78. d6 Kf8 79.
Re2 Rh1 80. Kc7 Rc1+ 81. Kd8 Kg8 82. d7 Kh7 83. Ke8 Rg1 84. d8=Q 1-0

[Event "Titled Tue 17th Jun Early"]
[Site "chess.com INT"]
[Date "2025.06.17"]
[Round "10"]
[White "Li, Hui"]
[Black "Atoyan, Alberto"]
[Result "1/2-1/2"]
[WhiteTitle "CM"]
[BlackTitle "CM"]
[WhiteElo "2041"]
[BlackElo "2266"]
[WhiteFideId "15400310"]
[BlackFideId "13314831"]
[EventDate "2025.06.17"]

1. e4 c5 2. Nf3 a6 3. c4 Nc6 4. d4 cxd4 5. Nxd4 Nf6 6. Nc3 e5 7. Nf5 d5 8. cxd5
Bxf5 9. exf5 Nd4 10. Bd3 Nxd5 11. O-O Be7 12. Re1 Nxc3 13. bxc3 Nc6 14. Be4 O-O
15. Qxd8 Rfxd8 16. Rb1 Rab8 17. Be3 Bf6 18. Bb6 Rd7 19. Red1 Rxd1+ 20. Rxd1 Bd8
21. Bxc6 Bxb6 22. Be4 Ba5 23. c4 b5 24. cxb5 Rxb5 25. g3 g6 26. Kg2 Kg7 27. fxg6
hxg6 28. Rd5 f5 29. Rxb5 axb5 30. Bd3 b4 31. Bc4 e4 32. Kf1 Bb6 33. Ke2 Kf6 34.
Bb3 Ke5 35. h4 Bd8 36. Bf7 Kf6 37. Bb3 Be7 38. f3 Bd6 39. fxe4 fxe4 40. g4 Bg3
41. h5 g5 42. Bd5 Ke5 43. Bc6 Kf4 44. Bd7 Ke5 45. Bc6 Kd4 46. Bd7 Be5 47. Be6
Kc3 48. Bf5 Kd4 49. Bg6 Bg7 50. Bf5 Bh6 51. Bg6 Ke5 52. Bf5 Kf4 53. Kf2 Bf8 54.
Ke2 Bc5 55. h6 Bd4 56. h7 Bh8 57. Be6 Ke5 58. Bf5 Kd4 59. Kd2 Be5 60. Ke2 Bg7
61. Kd2 Bh8 62. Ke2 Bg7 63. Kd2 Bh8 64. Ke2 e3 65. Bg6 Be5 66. Bf7 Bg7 67. Bg6
Bh8 68. Bf5 Be5 69. Bg6 Bg7 70. Bf5 Bh8 71. Bg6 Bg7 72. Bf5 Bh8 1/2-1/2

[Event "Titled Tue 17th Jun Early"]
[Site "chess.com INT"]
[Date "2025.06.17"]
[Round "10"]
[White "Demchenko, Yaroslav"]
[Black "Suvradeepta, Das"]
[Result "0-1"]
[WhiteTitle "CM"]
[BlackTitle "FM"]
[WhiteElo "2263"]
[BlackElo "2230"]
[WhiteFideId "14186667"]
[BlackFideId "5058031"]
[EventDate "2025.06.17"]

1. Nf3 d5 2. e3 Nf6 3. b3 e6 4. Bb2 Be7 5. d4 O-O 6. Bd3 b6 7. Nbd2 Ba6 8. Ne5
Bxd3 9. Nxd3 c5 10. O-O Nc6 11. Nf3 Rc8 12. Rc1 c4 13. Nde5 Nxe5 14. dxe5 Ne4
15. Bd4 Ba3 16. Rb1 c3 17. b4 Qe7 18. b5 Bb2 19. Qd3 Qa3 20. h4 Qxa2 21. Ng5
Nxg5 22. hxg5 Qc4 23. Qd1 Qxb5 24. g3 g6 25. Kg2 Kg7 26. Qf3 Qe8 27. Qf6+ Kg8
28. Rh1 Qd8 29. Qf4 Kg7 30. Rh6 Rh8 31. Rbh1 Ba3 32. Qh4 Qg8 33. f4 Be7 34. f5
gxf5 35. g4 Kf8 36. Rh5 fxg4 37. Qxg4 h6 38. Kf3 Ke8 39. gxh6 Qxg4+ 40. Kxg4 Rh7
41. Kf3 Kd7 42. e4 dxe4+ 43. Kxe4 Rg8 44. Bxc3 Rg4+ 45. Kd3 Rg5 46. Bd2 Rxh5 47.
Rxh5 Kc6 48. c4 a5 49. Rh1 Bf8 50. Be3 b5 51. cxb5+ Kxb5 52. Rb1+ Kc6 53. Kc4
Rh8 54. Rb6+ Kc7 55. Ra6 Bxh6 56. Bc5 Bd2 57. Ra7+ Kc6 58. Rxf7 Rh4+ 59. Bd4 Be3
60. Rh7 Rxh7 61. Kc3 Rb7 62. Kd3 Rb5 63. Ke4 Rd5 64. Kxe3 Rb5 65. Kd3 Kd5 66.
Bc3 a4 67. Kc2 Rb7 68. Bb2 Rb5 69. Bc3 Rb3 70. Bb4 Rxb4 71. Kc3 Rc4+ 0-1

[Event "Titled Tue 17th Jun Early"]
[Site "chess.com INT"]
[Date "2025.06.17"]
[Round "10"]
[White "Szpar, Milosz"]
[Black "Durarbayli, Vasif"]
[Result "0-1"]
[WhiteTitle "IM"]
[BlackTitle "GM"]
[WhiteElo "2495"]
[BlackElo "2612"]
[WhiteFideId "1184989"]
[BlackFideId "13402935"]
[EventDate "2025.06.17"]

1. e4 c5 2. c3 d5 3. exd5 Qxd5 4. d4 Nf6 5. Nf3 e6 6. Na3 cxd4 7. Nb5 Qd7 8.
Nbxd4 Nc6 9. Bd3 Bd6 10. Qc2 h6 11. Bd2 O-O 12. O-O-O Rd8 13. g4 Nd5 14. g5 h5
15. g6 f6 16. Be3 Qe8 17. Qe2 Nf4 18. Bxf4 Bxf4+ 19. Kb1 e5 20. Nxc6 bxc6 21.
Bc4+ Kh8 22. Nxe5 fxe5 23. Bf7 Qe7 24. Qxh5+ Bh6 25. Qxe5 Qf8 26. h3 Ba6 27. Kc2
Rxd1 28. Rxd1 Rd8 29. Re1 Bd3+ 30. Kb3 Rb8+ 31. Ka4 Rxb2 32. Qe8 Bc2+ 33. Ka5
Rb8 34. Qxf8+ Rxf8 35. Ka6 Ba4 36. Kxa7 Bd2 37. Re4 Bc2 38. Rh4+ Bh6 39. Kb6 Ra8
40. a4 Rxa4 41. c4 Ra2 42. Rd4 Ra8 43. Kxc6 Rf8 44. Kd7 Bf5+ 45. Ke7 Rb8 46. c5
Bg5+ 47. Kd6 Rd8+ 48. Ke5 Bf6+ 49. Kxf5 Rxd4 50. c6 Rd6 51. Be8 Rd5+ 52. Ke6 Rc5
53. Kd6 Rc2 54. Kd7 Be5 55. Bf7 Bf4 56. f3 Rc3 57. Bd5 Rd3 58. Ke6 Rc3 59. Kf5
Bg3 60. f4 Rc5 61. Ke4 Bxf4 62. h4 Bd6 63. Kd4 Rc1 64. Bc4 Bc7 65. Kd5 Rh1 66.
Ke6 Rxh4 67. Bd5 Rd4 68. Kd7 Rxd5+ 69. Kxc7 Kg8 70. Kb7 Rb5+ 71. Ka6 Rc5 72. Kb6
Rc1 73. c7 Kf8 74. Kb7 Ke7 75. c8=Q Rxc8 76. Kxc8 Kf6 77. Kd7 Kxg6 78. Ke6 Kg5
79. Ke5 Kg4 80. Ke4 g5 81. Ke3 Kh3 82. Kf2 g4 83. Kg1 Kg3 84. Kh1 Kf2 85. Kh2
g3+ 86. Kh1 g2+ 87. Kh2 g1=Q+ 88. Kh3 Qg3# 0-1

[Event "Titled Tue 17th Jun Early"]
[Site "chess.com INT"]
[Date "2025.06.17"]
[Round "10"]
[White "Beyer, Lorenz"]
[Black "Yonal, Timur"]
[Result "1/2-1/2"]
[WhiteTitle "CM"]
[BlackTitle "FM"]
[WhiteElo "2226"]
[BlackElo "2170"]
[WhiteFideId "16245393"]
[BlackFideId "44115725"]
[EventDate "2025.06.17"]

1. d4 Nf6 2. Bf4 d5 3. Nf3 c5 4. e3 Nc6 5. c3 Qb6 6. Qc2 c4 7. b3 cxb3 8. axb3
g6 9. Bd3 Bg7 10. h3 O-O 11. O-O Bd7 12. Nbd2 Rac8 13. Qa2 a6 14. c4 Nb4 15. Qb1
Nxd3 16. Qxd3 Bf5 17. Qe2 Ne4 18. Nxe4 Bxe4 19. Nd2 Qe6 20. Nxe4 Qxe4 21. Bg3
Rc6 22. Rad1 Rfc8 23. Qb2 dxc4 24. bxc4 Rxc4 25. Qb6 h5 26. Rb1 h4 27. Bh2 Qxb1
28. Qxb1 b5 29. g3 b4 30. gxh4 a5 31. Qa2 Rc2 32. Qxa5 b3 33. Qb5 b2 34. Be5
Bxe5 35. dxe5 Rd2 36. e6 fxe6 37. Qg5 Kf7 38. Qf4+ Kg7 39. e4 Rc1 40. Qxd2 Rxf1+
41. Kxf1 b1=Q+ 42. Qe1 Qd3+ 43. Kg2 e5 44. f3 Qc2+ 45. Qf2 Qc1 46. Qa2 Qe1 47.
Qb2 Kf6 48. Qb6+ Kg7 49. Qf2 Qc1 50. Qa2 Kh6 51. Qe2 Qf4 52. Qf2 Kh5 53. Qg3
Qd2+ 54. Qf2 Qxf2+ 55. Kxf2 Kxh4 56. Kg2 e6 57. Kh2 Kh5 58. Kg3 Kg5 59. h4+ Kh5
60. Kh3 g5 61. hxg5 Kxg5 62. Kg2 Kh4 63. Kh2 Kh5 64. Kh3 Kg5 65. Kg3 Kh5 66. f4
exf4+ 67. Kxf4 Kg6 68. Ke5 Kf7 69. Kd6 e5 70. Kxe5 Ke7 71. Kd5 Kd7 72. Kd4 Kd6
73. Kd3 Ke5 74. Ke3 Ke6 75. Kf4 Kf6 76. e5+ Ke6 77. Ke4 Ke7 78. Ke3 Ke6 79. Kd4
Ke7 80. Kd5 Kd7 81. e6+ Ke7 82. Ke5 Ke8 83. Kf5 Ke7 84. Ke5 Ke8 85. Kd6 Kd8 86.
Kc5 Ke7 87. Kd5 Ke8 88. Kd6 Kd8 89. e7+ Ke8 90. Ke6 1/2-1/2

[Event "Titled Tue 17th Jun Early"]
[Site "chess.com INT"]
[Date "2025.06.17"]
[Round "10"]
[White "Karttunen, Mika"]
[Black "Gunawardhana, Devindya Oshini"]
[Result "1-0"]
[WhiteTitle "IM"]
[BlackTitle "WIM"]
[WhiteElo "2490"]
[BlackElo "2121"]
[WhiteFideId "502081"]
[BlackFideId "29941482"]
[EventDate "2025.06.17"]

1. e4 e5 2. Nf3 Nc6 3. Bc4 Nf6 4. d3 Bc5 5. a4 d6 6. Nc3 h6 7. h3 Be6 8. b3 Qd7
9. a5 Bb4 10. Bd2 Bxa5 11. O-O Bb6 12. Nd5 Bxd5 13. exd5 Ne7 14. Nh2 O-O 15. Qf3
Nh7 16. Bc3 Kh8 17. Kh1 f5 18. Qe2 Ng6 19. g3 f4 20. Qh5 Qf7 21. Rad1 Nf6 22.
Qf3 Qd7 23. Qg2 Nh7 24. h4 Qf5 25. g4 f3 26. Qg3 Qf4 27. Bd2 Qf6 28. g5 hxg5 29.
hxg5 Qf5 30. Rde1 Kg8 31. Re4 Rf7 32. Rfe1 Raf8 33. Rg4 Re8 34. Ree4 Nhf8 35. b4
Qd7 36. Bb3 Rf5 37. Qh3 Qf7 38. Qg3 Qd7 39. Kg1 Qf7 40. Kf1 a6 41. Ba4 Rd8 42.
c4 Ba7 43. Bd1 Qe7 44. Nxf3 Qf7 45. Be1 Ne7 46. Kg2 Nfg6 47. Qh3 Nf4+ 48. Rexf4
Rxf4 49. Rh4 Rxh4 50. Nxh4 Ng6 51. Nxg6 Qxg6 52. Bg4 Rf8 53. Be6+ Rf7 54. Bxf7+
Kxf7 55. Qd7+ Kg8 56. Qc8+ Kh7 57. Qh3+ Kg8 58. Qe6+ Kh7 59. Qh3+ Kg8 60. Qg3
Bd4 61. Bd2 Kf7 62. Qg4 Kg8 63. Qc8+ Kh7 64. Qh3+ Kg8 65. Qf3 Kh7 66. Kh3 Kg8
67. Kg4 Qe8 68. Qf5 Qe7 69. Be3 Bxe3 70. fxe3 Qf7 71. g6 Qf6 72. Qc8+ Qf8 73.
Qxc7 1-0

[Event "Titled Tue 17th Jun Early"]
[Site "chess.com INT"]
[Date "2025.06.17"]
[Round "10"]
[White "Kukushkin, Ivan"]
[Black "Burmakin, Evgeniy"]
[Result "1-0"]
[WhiteTitle "CM"]
[BlackTitle "FM"]
[WhiteElo "2008"]
[BlackElo "2110"]
[WhiteFideId "11634103"]
[BlackFideId "4163729"]
[EventDate "2025.06.17"]

1. e4 c5 2. b3 Nc6 3. Bb2 e6 4. f4 d5 5. d3 dxe4 6. dxe4 Qxd1+ 7. Kxd1 Nf6 8.
Bd3 b6 9. Nf3 Bb7 10. Ke2 O-O-O 11. a3 Be7 12. Nbd2 Rd7 13. Nc4 Rf8 14. Rhd1
Nd4+ 15. Nxd4 cxd4 16. Nd2 Kb8 17. g3 Rc8 18. a4 Bb4 19. e5 Ng4 20. Nf3 Bxf3+
21. Kxf3 Nxh2+ 22. Kg2 Ng4 23. Bc1 h5 24. Kf3 Bc3 25. Rb1 f6 26. exf6 gxf6 27.
Bb5 Rd5 28. Bc4 Rd6 29. Ba3 Rdc6 30. Rd3 e5 31. Bd5 Kc7 32. Bxc6 Kxc6 33. Rh1
Rh8 34. Bc1 Kd5 35. Rdd1 e4+ 36. Ke2 f5 37. Rh3 Rh6 38. Rdh1 Nf6 39. Rh4 Rg6 40.
R4h3 Rg4 41. Kf2 a6 42. Ke2 b5 43. axb5 axb5 44. Kf2 d3 45. cxd3 exd3 46. Ke3
Ne4 47. Kxd3 b4 48. Kc2 Nxg3 49. Rg1 Ne4 50. Rgh1 Rg2+ 51. Kb1 Nf2 52. Rxh5 Nxh1
53. Rxh1 Ke4 54. Rd1 Kf3 55. Rd3+ Ke4 56. Rd1 Kf3 57. Rd3+ Kg4 58. Rd1 Rf2 59.
Rd3 Rf1 60. Kc2 Rf2+ 61. Kd1 Rf1+ 62. Kc2 Rf2+ 63. Kd1 Rg2 64. Be3 Rh2 65. Bc1
Rh1+ 66. Kc2 Rh7 67. Kd1 Ra7 68. Kc2 Ra2+ 69. Kb1 Ra1+ 70. Kc2 Ra2+ 71. Kd1 Ra1
72. Kc2 Ra6 73. Kd1 Re6 74. Re3 Rxe3 75. Bxe3 Kf3 76. Bc1 Ke4 77. Kc2 Bd4 78.
Bd2 Bc5 79. Kd1 Bd6 80. Kc2 Kd4 81. Be1 Kc5 82. Bf2+ Kd5 83. Be3 Ke4 84. Bd2 Kf3
85. Kd3 1-0

[Event "Titled Tue 17th Jun Early"]
[Site "chess.com INT"]
[Date "2025.06.17"]
[Round "10"]
[White "Drozdowski, Kacper"]
[Black "Stribuk, Artiom"]
[Result "1/2-1/2"]
[WhiteTitle "IM"]
[BlackTitle "IM"]
[WhiteElo "2450"]
[BlackElo "2460"]
[WhiteFideId "1136720"]
[BlackFideId "13515659"]
[EventDate "2025.06.17"]

1. e4 g6 2. d4 Bg7 3. Nc3 d6 4. f4 Nf6 5. Nf3 c5 6. dxc5 Qa5 7. Bd3 Qxc5 8. Qe2
O-O 9. Be3 Qa5 10. Bd2 Bg4 11. h3 Bxf3 12. Qxf3 Nc6 13. a3 Rac8 14. Qf2 Nd7 15.
Nd5 Qd8 16. Bc3 e6 17. Bxg7 Kxg7 18. Nc3 Nc5 19. O-O-O a6 20. Kb1 b5 21. g4 Rb8
22. Na2 a5 23. b3 b4 24. a4 Qb6 25. Qd2 Rbd8 26. Bb5 d5 27. Bxc6 Qxc6 28. Qd4+
Kg8 29. e5 Rc8 30. Rh2 Ne4 31. Rd3 Qc5 32. Qxc5 Rxc5 33. Kb2 f6 34. c3 fxe5 35.
fxe5 bxc3+ 36. Nxc3 Nxc3 37. Rxc3 Rxc3 38. Kxc3 Rf3+ 39. Kb2 Re3 40. Rc2 Rxe5
41. Rc5 Re2+ 42. Kc3 Re3+ 43. Kc2 d4 44. Rxa5 e5 45. Rd5 Kf7 46. a5 Ke6 47. Rd8
Re2+ 48. Kd3 Ra2 49. b4 Ra3+ 50. Kc4 Rc3+ 51. Kb5 d3 52. a6 e4 53. a7 Ra3 54.
a8=Q Rxa8 55. Rxa8 d2 56. Rd8 e3 57. Kc6 e2 58. Rxd2 e1=Q 59. Rd6+ Ke5 60. Rd5+
Ke4 61. b5 Qc3+ 62. Rc5 Qf6+ 63. Kd7 Kd4 64. Rc6 Qf7+ 65. Kc8 Kd5 66. Kb8 Qe8+
67. Kb7 Qd7+ 68. Kb6 Qe7 69. Rc7 Qd8 70. Kb7 Kd6 71. b6 Qg8 72. Rc6+ Kd5 73. Rc8
Qf7+ 74. Rc7 Qe8 75. Rxh7 Qe4 76. Rc7 Kd6+ 77. Kb8 Qf3 78. b7 Qf4 79. Rc8 Kd7+
80. Ka7 Qa4+ 81. Kb6 Qb4+ 82. Ka6 Qa4+ 83. Kb6 Qb4+ 84. Ka6 Qa3+ 85. Kb6 Qe3+
86. Ka6 Qa3+ 87. Kb6 Qb2+ 88. Ka6 Qa2+ 89. Kb6 Qb1+ 90. Ka6 Qf1+ 91. Kb6 Qg1+
92. Ka6 Qf1+ 93. Kb6 Qf2+ 94. Ka6 Qa2+ 95. Kb6 Qb3+ 96. Ka7 Qa4+ 97. Kb6 1/2-1/2

[Event "Titled Tue 17th Jun Early"]
[Site "chess.com INT"]
[Date "2025.06.17"]
[Round "10"]
[White "Danila, Tudor-Gabriel"]
[Black "Chaulagain, Purusottam"]
[Result "0-1"]
[WhiteTitle "CM"]
[BlackTitle "CM"]
[WhiteElo "2178"]
[BlackElo "1952"]
[WhiteFideId "1274244"]
[BlackFideId "12300730"]
[EventDate "2025.06.17"]

1. e4 d5 2. exd5 Qxd5 3. Nc3 Qa5 4. g3 Nf6 5. Bg2 c6 6. Nf3 e6 7. d4 Be7 8. O-O
O-O 9. Ne2 c5 10. dxc5 Bxc5 11. c3 Be7 12. Ned4 Bd7 13. Re1 Nc6 14. Qc2 Rac8 15.
Be3 Nb4 16. cxb4 Bxb4 17. Qb3 Bxe1 18. Nxe1 b6 19. Nd3 Ba4 20. Qa3 Nd5 21. b4
Qa6 22. Bxd5 exd5 23. Nf4 b5 24. Nxd5 Rfe8 25. Nf5 Qe6 26. Qd3 Bc2 27. Nde7+ Kh8
28. Qd4 Bxf5 29. Nxc8 Rxc8 30. Qxa7 Be4 31. Qd4 Ba8 32. Rd1 h6 33. Bxh6 Qxh6 34.
Qd7 Qe6 35. Qxe6 fxe6 36. f4 Bd5 37. a3 Rc2 38. Re1 Rg2+ 39. Kf1 Rxh2 40. Re3
Bc4+ 41. Ke1 Rb2 42. Kd1 Rb3 43. Re5 Rxa3 44. g4 Rg3 45. g5 Rf3 46. g6 Rxf4 47.
Rc5 Rf8 48. Kd2 Re8 49. Re5 Kg8 50. Ke3 Kf8 51. Kd4 Ke7 52. Rh5 Kf6 53. Kc5 Kxg6
54. Rh3 Rc8+ 55. Kb6 Rd8 56. Rg3+ Kf6 57. Rf3+ Ke5 58. Rg3 Rd7 59. Kc5 Rf7 60.
Re3+ Kf6 61. Rg3 g5 62. Rf3+ Kg6 63. Re3 g4 64. Kd6 Rf6 65. Rg3 Kg5 66. Rg1 Bd3
67. Ke5 Rf5+ 68. Kxe6 Rf4 69. Kd5 Rxb4 70. Kc5 Rf4 71. Rg3 Kh4 72. Rxd3 g3 73.
Rd8 Rf5+ 74. Kb4 g2 75. Rh8+ Kg4 76. Rg8+ Rg5 77. Rxg5+ Kxg5 78. Kxb5 g1=Q 79.
Kc4 Qe1 80. Kd5 Kf4 81. Kd4 Qd1+ 82. Kc4 Ke5 83. Kc3 Ke4 84. Kc4 Qc1+ 85. Kb3
Kd3 86. Kb4 Qc2 87. Kb5 Kd4 88. Kb6 Kd5 89. Kb5 Qb2+ 90. Ka4 Kc4 91. Ka5 Qb5# 0-1

[Event "Titled Tue 17th Jun Early"]
[Site "chess.com INT"]
[Date "2025.06.17"]
[Round "10"]
[White "Manukian, Artak"]
[Black "Mompel Ferruz, Xavier"]
[Result "1/2-1/2"]
[BlackTitle "FM"]
[WhiteElo "2104"]
[BlackElo "2342"]
[WhiteFideId "13301373"]
[BlackFideId "54585775"]
[EventDate "2025.06.17"]

1. e4 c5 2. Nf3 d6 3. Bb5+ Nd7 4. O-O a6 5. Bd3 Ngf6 6. a4 b6 7. Re1 Bb7 8. c3
g6 9. Bc2 Bg7 10. d4 cxd4 11. cxd4 O-O 12. Nc3 b5 13. e5 Nd5 14. e6 fxe6 15. Ng5
Qb6 16. Nxe6 Rf7 17. axb5 axb5 18. Rxa8+ Bxa8 19. Bb3 N7f6 20. Bg5 Nxc3 21. bxc3
Bd5 22. Nxg7 Bxb3 23. Qxb3 Kxg7 24. h4 Qc6 25. Bxf6+ exf6 26. h5 Rc7 27. hxg6
hxg6 28. Rc1 Qc4 29. Qxc4 Rxc4 30. Rb1 Rxc3 31. Rxb5 Rc1+ 32. Kh2 Kf7 33. d5 Rc5
34. Rb7+ Kg8 35. f4 Rxd5 36. g4 Rd3 37. Kg2 Kf8 38. Kf2 g5 39. fxg5 fxg5 40. Rd7
d5 41. Ke2 Rd4 42. Ke3 Re4+ 43. Kf3 Rf4+ 44. Kg3 d4 45. Rd5 Ke7 46. Rxg5 Re4 47.
Rd5 Ke6 48. Rd8 Re3+ 49. Kf4 Ra3 50. Rxd4 Ra5 51. g5 Kf7 52. Rd7+ Kg6 53. Rd6+
Kf7 54. Rf6+ Kg7 55. Kg4 Ra4+ 56. Kh5 Ra1 57. Rd6 Rh1+ 58. Kg4 Rg1+ 59. Kf4 Rf1+
60. Ke3 Re1+ 61. Kf2 Re5 62. g6 Rf5+ 63. Ke3 Rf6 64. Rd7+ Kxg6 65. Ke4 Rf1 66.
Rd8 Kf7 67. Rd2 Ke7 68. Ke3 Re1+ 69. Kd4 Re6 70. Kc3 Rc6+ 71. Kb3 Rb6+ 72. Kc4
Rd6 73. Re2+ Kd7 74. Ra2 Rc6+ 75. Kd5 Rd6+ 76. Ke5 Re6+ 77. Kf5 Rd6 78. Ra7+ Kc6
79. Ke5 Rd5+ 80. Ke4 Rh5 81. Ra3 Rh4+ 82. Kf5 Rc4 83. Re3 Kd5 84. Re5+ Kd6 85.
Re4 Rc5+ 86. Kf4 Rc1 87. Ke3 Re1+ 88. Kd3 Rd1+ 89. Ke3 Re1+ 90. Kd3 Rh1 91. Re3
Rh4 92. Rf3 Rh5 93. Ke2 Re5+ 94. Re3 Rc5 95. Rd3+ Ke6 96. Kd2 Ra5 97. Re3+ Kf5
98. Rd3 Ke4 99. Rb3 Kd4 100. Rb4+ Kd5 101. Rg4 Ra2+ 102. Kc3 Ra3+ 103. Kc2 Re3
104. Kd2 Re6 105. Kd3 Rf6 106. Rg5+ Kd6 107. Kd4 Rh6 108. Rf5 Rh4+ 109. Ke3 Ke6
110. Rb5 Ra4 111. Kd3 Ra3+ 112. Kc4 Ra4+ 113. Kb3 Re4 114. Rb4 Rxb4+ 115. Kxb4 1/2-1/2

[Event "Titled Tue 17th Jun Early"]
[Site "chess.com INT"]
[Date "2025.06.17"]
[Round "10"]
[White "Moroni, Luca Jr"]
[Black "Wan, Yunguo"]
[Result "1-0"]
[WhiteTitle "GM"]
[BlackTitle "GM"]
[WhiteElo "2549"]
[BlackElo "2501"]
[WhiteFideId "865834"]
[BlackFideId "8603189"]
[EventDate "2025.06.17"]

1. d4 Nf6 2. c4 e6 3. Nc3 Bb4 4. Nf3 O-O 5. Bg5 h6 6. Bh4 d6 7. e3 Nbd7 8. Bd3
e5 9. Qc2 Qe7 10. dxe5 Nxe5 11. Nxe5 Qxe5 12. O-O Bxc3 13. bxc3 Re8 14. Rab1 Rb8
15. Bg3 Qe7 16. Qa4 a6 17. Qa3 Ne4 18. Bxe4 Qxe4 19. c5 Bf5 20. cxd6 cxd6 21.
Bxd6 Rbc8 22. Rb6 Bd7 23. Bc5 Bc6 24. f3 Qd3 25. Rb2 Bb5 26. Re1 Re6 27. Bd4 Rg6
28. Qe7 Bc6 29. e4 Qxf3 30. Rf2 Qg4 31. h3 Qe6 32. Qh4 Re8 33. Ref1 Qxe4 34.
Qxe4 Bxe4 35. g4 Bd5 36. Kh2 Rge6 37. Kg3 Re2 38. a3 f6 39. h4 Rxf2 40. Rxf2 Re4
41. Rf4 Re1 42. Kf2 Rh1 43. g5 hxg5 44. hxg5 fxg5 45. Rf5 Rh2+ 46. Ke3 Rh3+ 47.
Kd2 Bf7 48. Rxg5 g6 49. Rc5 Be6 50. Rc7 Rh7 51. Rc5 Bf5 52. Ke3 Re7+ 53. Kf4 Kf7
54. Be5 Ke6 55. Bb8 Rf7 56. Re5+ Kd7 57. Kg5 Bc2 58. Re2 Bb1 59. Ba7 Kc6 60. Rb2
Be4 61. Bd4 Kd5 62. Rb4 b5 63. a4 bxa4 64. Rxa4 Bd3 65. Ra5+ Kc6 66. Rc5+ Kd6
67. Rc8 Rf5+ 68. Kg4 Rf1 69. Ra8 Kc6 70. Kg5 Kb5 71. Rb8+ Kc4 72. Rb4+ Kd5 73.
Rb6 a5 74. Rb8 a4 75. Ra8 Bc2 76. Kg4 Kc4 77. Kg3 Kb3 78. Rb8+ Kc4 79. Rb4+ Kd3
80. Rb5 Rf5 81. Rb6 Kc4 82. Ra6 Kb3 83. Rb6+ Ka2 84. Ra6 a3 85. c4 Bb3 86. c5
Rd5 87. Be3 Rd3 88. Kf2 Kb2 89. c6 a2 90. Bf4 Rd5 91. c7 Rc5 92. Bd6 Rc2+ 93.
Ke3 Kb1 94. Be5 Rc5 95. Kd4 Rc4+ 96. Kd3 g5 97. Ke3 g4 98. Rb6 Rc5 99. Rxb3+ Kc2
100. Rc3+ Rxc3+ 101. Bxc3 Kxc3 102. c8=Q+ Kb2 103. Qb7+ Kc2 104. Qc6+ Kb2 105.
Qb5+ Kc2 106. Qc4+ Kb2 107. Qb4+ Kc2 108. Qa3 Kb1 109. Qb3+ Ka1 110. Qc2 g3 111.
Kf3 g2 112. Qc1# 1-0